01997nam a2200385 a 4500001001200000003000800012006001900020007001500039008004100054010001700095020001800112020001500130040002100145035002100166043002100187050002400208082001500232245013800247260004400385300002300429490003800452504006400490505048100554533015201035610003601187650005001223650006001273655002901333700002401362700002601386710001701412830003901429856012601468999001701594ebr10231582CaPaEBRm u cr cn|||||||||071022s2008 dcua sb i001 0 eng  z 2007043611 z9780821373712 z0821373714 aCaPaEBRcCaPaEBR a(OCoLC)560698390 aae-----af------14aLA1141b.A37 2008eb04a370.9522203aAn African exploration of the East Asian education experienceh[electronic resource] /cedited by Birger Fredriksen and Tan Jee Peng. aWashington, D.C. :bWorld Bank,cc2008. axx, 374 p. :bill.1 aDevelopment practice in education aIncludes bibliographical references (p. 350-358) and index.0 aEast Asia education study tour : an overview of key insights -- Education in Africa: knowledge makes the difference -- Education in Singapore: developments since 1965 -- Education in Vietnam : development history, challenges and solutions -- Education in the Republic of Korea : approaches, achievement and current challenges -- Education in Thailand: improving secondary education -- Education in Ireland: evolution of economic and educational policies since the early 1990s. aElectronic reproduction.bPalo Alto, Calif. :cebrary,d2013.nAvailable via World Wide Web.nAccess may be limited to ebrary affiliated libraries.20aEducation Africa (Organization) 0aEducationzEast AsiavCross-cultural studies. 0aEducation and statezEast AsiavCross-cultural studies. 7aElectronic books.2local1 aFredriksen, Birger.1 aTan, Jee-Peng,d1954-2 aebrary, Inc. 0aDevelopment practice in education.40uhttp://site.ebrary.com/lib/rucke/Doc?id=10231582zAn electronic book accessible through the World Wide Web; click to view c25595d25595